00367nam a2200133Ia 45000030006000000080041000060400015000471000025000622450055000872600056001423000006001985460012002040050017002160STCL150530s9999 xx 000 0 und d aSTCLcSTCL aParvatharajan, P. Ed aIndian Journal of Chemistry Vol.46, No.4, Apr 2007 bIndian National Science Academy; Delhic2007aDelhi a0 aEnglish20220125165843.0